00881nam a22001937a 450000500170000000800430001702000150006005000230007511000620009824502310016025000110039126000320040230000280043449000460046265000480050865000530055670000300060970000480063920221110090845.0220621b ec ||||| |||| 00| 0 spa d a997804162104aF1419.A1bR48 1995 aReunión de Barbados (3 : 1993 : Rio de Janeiro, Brasil)10aArticulación de la diversidad : pluralidad étnica, autonomías y democratización en América Latina / cGrupo de Barbados ; Georg Grünberg, coordinador ; editores, Alicia Barabas, Miguel Bartolomé, Salomón Nahmad a1a ed. aQuito :b Abya Yala, c1995 a410 p. :bil. ;c22 cm. 0aColeccion Biblioteca Abya-Yala ; vNo. 27 4aEtnología xAmérica Latina -- Congresos 4aIndios xRelaciones gubernamentales -- Congresos1 aBarabas, Alicia, eeditor1 aBartolomé, Miguel Alberto, e1945- editor